Statistiques concernant Gares les plus fréquentées en Auvergne Rhône-Alpes

Cliquez ici pour prendre le quiz!

Statistiques générales

  • Ce quiz a été pris 697 fois
    (559 depuis la dernière actualisation)
  • Le résultat moyen est 21 sur 44

Statistiques - réponses

Voyageurs (2017)Gare% Correct
31,884,000Lyon Part-Dieu
96%
7,598,000Grenoble
93%
3,534,000Saint-Etienne Châteaucreux
93%
5,749,000Lyon Perrache
91%
2,345,000Annecy
89%
3,516,000Chambéry Challes-les-Eaux
87%
1,960,000Valence
86%
1,766,000Bourg-en-Bresse
85%
3,593,000Clermont-Ferrand
85%
1,600,000Vienne
65%
987,000Roanne
64%
775,000Annemasse
63%
896,000Montélimar
60%
1,258,000Vichy
59%
725,000Moulins
58%
2,175,000Villefranche-sur-Saône
56%
1,305,000Aix-les-Bains le Revard
55%
1,487,000Lyon Saint-Exupéry TGV
55%
1,836,000Bourgoin-Jallieu
54%
502,000Thonon-les-Bains
50%
2,269,000Valence TGV Rhône-Alpes sud
48%
628,000Lyon Vaise
46%
1,213,000Ambérieu-en-Bugey
43%
774,000Lyon Jean Macé
42%
882,000Givors
41%
861,000La Tour-du-Pin
40%
1,006,000Bellegarde-sur-Valserine
39%
833,000Riom Châtel-Guyon
38%
1,267,000Voiron
38%
1,460,000Lyon Saint-Paul
36%
679,000Saint-Chamond
32%
669,000Lyon Gorge de Loup
26%
692,000Rive de Gier
26%
669,000Grenoble Universités Glières
20%
608,000Rumilly
19%
743,000Moirans
18%
648,000Pontcharra sur Breda
18%
533,000Saint-Marcellin
16%
866,000Belleville-sur-Saône
14%
828,000La Verpillière
14%
713,000Meximieux-Pérouges
14%
779,000L'Arbresle
13%
832,000Le Péage-de-Rousillon
10%
500,000Saint-Clair-les-Roches
7%

Distribution des résultats

Percentile par nombre de réponses

% des personnes avec chaque résultat

Votre développement - résultats

Vous n’avez pas pris ce quiz depuis la dernière actualisation